| 000 | 00616nam a22001457a 4500 | ||
|---|---|---|---|
| 008 | 170809b xxu||||| |||| 00| 0 eng d | ||
| 082 |
_22016 _aUT 0813 _bC89 |
||
| 100 |
_921784 _aCuizon, Gold Mark June M. |
||
| 245 |
_aCorrelational Study on Licensure Exam for Teachers Performance for Biological Science Majors in UM Digos College from 2011-2014/ _cGold June Mark M. Cuizon and Sharif Rafael P. Don. |
||
| 260 |
_aDigos City: _bUMDC _cOctober 2015. |
||
| 300 |
_a34 pages; _c30 cm. |
||
| 650 | 0 |
_921785 _aEducation _vBiological Science _xUndergraduate thesis. |
|
| 700 |
_921786 _aDon, Sharif Rafael P. |
||
| 942 |
_2ddc _cUT |
||
| 999 |
_c7197 _d7197 |
||